• 首页
  • 本馆介绍
  • 公告通知
  • 最新文献
  • 馆藏检索
  • 电子资源
  • 读者导购
  • 参考咨询
  • 我的图书馆
  • 登录
  • 详细信息显示
  • 放入我的书架
  • 预约/预借图书
  • 作者相关作品
  • 分类相关作品
  • 丛书相关作品
  • 出版社相关作品

书目信息

  • 表格格式
  • 工作单格式
  • 卡片格式
题名:
正念养育
    
 
作者: 斯奈儿 著 ;曹慧 , 王淑娟 , 曹静 , 祝卓宏 译
分册:  
出版信息: 北京   化学工业出版社  2019.08
页数: 118页
开本: 21cm
丛书名:
单 册:
中图分类: B842.3 , B842.6
科图分类:
主题词: 儿童--er tong--注意--能力培养 , 儿童--er tong--情绪--自我控制
电子资源:
ISBN: 978-7-122-29217-9
000 01417nam0 2200337 450
001 0105143319
005 20201105143350.0
010    @a978-7-122-29217-9@dCNY39.80
100    @a20171018d2019 em y0chiy50 ea
101 1  @achi@cdut
102    @aCN@b110000
105    @aa az 000yy
106    @ar
200 1  @a正念养育@Azheng nian yang yu@e提升孩子专注力和情绪控制力的训练法@f(荷)艾琳·斯奈儿著@g曹慧[等]译
210    @a北京@c化学工业出版社@d2019.08
215    @a118页@c图@d21cm
304    @a其他责任者: 王淑娟, 曹静, 祝卓宏
320    @a有书目(第113页)
330    @a我们并不知道我们的孩子在10年、20年后,或即便是5年后将需要什么样的知识,因为到那时,他们身处的世界和他们所从事的工作都将与现在大不相同。但我们知道的是,他们需要掌握如何集中注意力、如何倾听、如何学习、如何处理自己的思想和情感、如何与他人相处。而这些技能,以及学习和掌握这些技能的方法就是正念的核心。
517 1  @a提升孩子专注力和情绪控制力的训练法@Ati sheng hai zi zhuan zhu li he qing xu kong zhi li de xun lian fa
606 0  @a儿童@Aer tong@x注意@x能力培养
606 0  @a儿童@Aer tong@x情绪@x自我控制
690    @aB842.3@v5
690    @aB842.6@v5
701  1 @a斯奈儿@Asi nai er@4著@c(荷)@c(Snel, Eline)
702  0 @a曹慧@Acao hui@4译
702  0 @a王淑娟@Awang shu juan@4译
702  0 @a曹静@Acao jing@4译
702  0 @a祝卓宏@Azhu zhuo hong@4译
801  0 @aCN@bBJSZM@c20201105
905    @b1262498-501@dB842.3@e3667@f4
    
    正念养育:提升孩子专注力和情绪控制力的训练法/(荷)艾琳·斯奈儿著/曹慧[等]译.-北京:化学工业出版社,2019.08
    118页:图;21cm
    
    
    ISBN 978-7-122-29217-9:CNY39.80
    我们并不知道我们的孩子在10年、20年后,或即便是5年后将需要什么样的知识,因为到那时,他们身处的世界和他们所从事的工作都将与现在大不相同。但我们知道的是,他们需要掌握如何集中注意力、如何倾听、如何学习、如何处理自己的思想和情感、如何与他人相处。而这些技能,以及学习和掌握这些技能的方法就是正念的核心。
●
相关链接 在E读中查询图书 在五车中查询图书 在当当中查询图书 在豆瓣中查询图书


正题名:正念养育     索取号:B842.3/3667         预约/预借

序号 登录号 条形码 馆藏地/架位号 状态 备注
1 1262498   212624980   第一样本阅览室/ [索取号:B842.3/3667] 在馆    
2 1262499   212624999   教育系资料室/ [索取号:B842.3/3667] 在馆    
3 1262500   212625006   教育系资料室/ [索取号:B842.3/3667] 在馆    
4 1262501   212625015   第一借阅区/ [索取号:B842.3/3667] 在馆    
唐山师范学院图书馆 欢迎您!
大连网信软件有限公司© 版权所有